Statistiques concernant Discographie de Bigflo & Oli

Cliquez ici pour prendre le quiz!

Statistiques générales

  • Ce quiz a été pris 383 fois
  • Le résultat moyen est 38 sur 73

Statistiques - réponses

Réponse% Correct
Dommage
86%
Dommage (acoustique)
86%
La Vraie Vie
85%
Papa (feat. notre père Fabian)
84%
Nous aussi
79%
Nous aussi 2
79%
La vie de rêve
78%
Maman
75%
Je suis
74%
Olivio (solo Oli)
74%
Gangsta
72%
La Cour des grands
72%
Florian
71%
Ça va trop vite (feat. Busta Rhymes)
70%
Demain (feat. Petit Biscuit)
68%
Insolent #1: Un soir au studio
66%
Insolent #2
66%
Insolent #3
66%
Alors alors
64%
Comme d'hab
64%
Monsieur tout le monde
64%
Salope !
64%
Rentrez chez vous !
63%
Sur la lune
63%
Personne
62%
Aujourd'hui
60%
Bienvenue chez moi
60%
C'est que du rap (feat. Black M & Soprano)
58%
Plus tard
58%
Le Cordon
57%
Pour un pote (feat. Jean Dujardin)
56%
Marco
55%
Trop tard (feat. JoeyStarr)
54%
Autre part
53%
Le Bouchon
53%
Il est où ton frère ?
52%
Du disque dur au disque d'or
51%
La Tempête
51%
Château de sable
49%
Dans mon lit
49%
La Vie normale
49%
Sac à dos
49%
C'est pas du rap...
48%
La Seule (feat. Kacem Wapalek & Naâman)
48%
Répondez-moi
47%
Le Philosophe sans la barbe (solo Oli)
46%
Mytho
46%
Le Bijoutier
45%
Rendez-vous là-haut
43%
Stade
43%
J'attends la vague (solo Bigflo)
42%
C'est qui ces deux-là ?
41%
Début d'empire
41%
Toulouse
41%
Cigarette
40%
Jeunesse influençable
40%
Ferme les yeux (feat. Tryo)
39%
Atlantis
38%
Raccroche
38%
Miroir
34%
Nik ta mère
34%
Dites rien à ma mère
33%
À mon retour
32%
Ça coûte rien
27%
Quand même
25%
Pourquoi pas nous ?
22%
Shape of You (de Berywam)
22%
Demain c'est nous
21%
Le Rap avant la tempête #1
21%
Le Rap avant la tempête #2
21%
L'Héritage
21%
C’est que le début…
19%
Un freestyle et des potes
11%

Distribution des résultats

Percentile par nombre de réponses

% des personnes avec chaque résultat

Votre développement - résultats

Vous n’avez pas pris ce quiz